000 00682nam a2200205 i 4500
001 43673
003 ES-MaACL
005 20230906160845.0
007 t|
008 030318s1881 sp ||||1| spa d
111 2 _aExposición Nacional de Bellas Artes (
_d1881.
_cMadrid)
_9135139
245 1 0 _aCatálogo de la exposición general de Bellas Artes de 1881.
260 _aMadrid :
_b[s.n.],
_c1881 (
_fImpr. y Fundición de Manuel Tello)
300 _a164 p. ;
_c18 cm.
650 4 _aArte español-
_yS.XIX-
_vExposiciones.
_9138900
655 7 _2tgfbne
_9193628
_aCatálogos de exposiciones
852 _aES-MaACL
_jT-400-F-8
942 _2udc
999 _c43673
_d43673